| 000 | 00979nem a2200241 i 4500 | ||
|---|---|---|---|
| 001 | 95723 | ||
| 003 | ES-MaACL | ||
| 005 | 20250720204512.0 | ||
| 007 | t| | ||
| 008 | 050602s1960 sp | |0|1||spa d | ||
| 130 | 0 |
_aMontgrony (Macizo). _kMapas topográfico-excursionistas. _f1960. _9164699 |
|
| 245 | 1 | 0 |
_aMontgrony [ _hMaterial cartográfico] _b: Puig Llançada, Pla de Pujalts, Catllarás, Rasos de Tubau / _crealizado por Xavier Coll; cartografía A. Bescós, P. Falche. |
| 255 | _aEscala 1:25.000. | ||
| 260 |
_aGranollers : _bEd. Alpina, _c1960. |
||
| 300 |
_a1 mapa : _bcol. ; _c63 x 70 cm, pleg. en 16 x 11 cm + _eguía cartográfica (24 p. ; 16 cm) |
||
| 592 | _aMeridiano de Madrid Relieve representado por curvas de nivel. | ||
| 700 | 1 |
_aColl, Xavier, _d1901-1981 _939622 |
|
| 700 | 0 |
_aBescós, A. _928571 |
|
| 700 | 1 |
_aFalche, Pascual. _9164700 |
|
| 700 | 1 |
_aLlopis Lladó, Noel. _972839 |
|
| 852 |
_aES-MaACL _j2004-F-13 _bR.46508 |
||
| 999 |
_c95723 _d95723 |
||